| 000 | 00823nam a22002057a 4500 | ||
|---|---|---|---|
| 999 |
_c10556 _d10556 |
||
| 003 | AR-CdUCM | ||
| 008 | 190401b ||||| |||| 00| 0 spa d | ||
| 040 |
_aMUNICIPALIDAD PROVINCIAL DEL CUSCO _cBIBLIOTECA MUNICIPAL DEL CUSCO |
||
| 082 |
_a340.7 / _bM77 / 1963 |
||
| 100 |
_aMontoya Manfredi, Ulises _927490 |
||
| 245 |
_aPrograma de derecho comercial : _bprimer curso / |
||
| 260 |
_aLima : _bUniversidad Nacional Mayor de San Marcos, _c1963. |
||
| 300 |
_a18 páginas ; _c20 cm. |
||
| 505 | _aContenido: Noción del comercio -- Concepto del derecho comercial -- Autonomía del derecho mercantil -- Las fuentes del derecho mercantil ... | ||
| 650 |
_aDerecho comercial _95195 |
||
| 650 |
_aDerecho financiero _927491 |
||
| 710 |
_aUniversidad Nacional Mayor de San Marcos _95627 |
||
| 942 |
_2ddc _cLIBROS |
||
| 945 | _aacv | ||